000
00210nam a22000857a 4500
001
1235368
005
20250930130024.0
245
_a
AY'A TIRMANAN ÇOCUK
_c
DAVİD ALMOND
260
_b
GÜNIŞIĞI KİTAPLIĞI YAYINLARI
999
_c
1235368
_d
1235368